| 000 | 00543nam a2200121Ia 4500 | ||
|---|---|---|---|
| 008 | 220615s9999||||xx |||||||||||||| ||und|| | ||
| 245 | 0 |
_aEnergy Transition in the Baltic Sea Region _bUnderstanding Stakeholder Engagement and Community Acceptance |
|
| 546 | _aEnglish[eng] | ||
| 650 | _aBaltic Sea Region||clean energy deployment||climate change||community energy||energy transition||risk perception | ||
| 700 | _aKarimi, Farid||Rodi, Michael | ||
| 856 | _uhttps://library.oapen.org/bitstream/20.500.12657/52575/1/9781000545401.pdf | ||
| 942 | _cEB | ||
| 999 |
_c14538 _d14538 |
||